000 00299nam a2200121Ia 4500
008 240624s9999 xx 000 0 und d
041 _aeng
082 _a331 ARO
100 _aARORA MONAL
245 _aINDUSTRIAL RELATIONS
260 _c2000
_aNew Delhi
_bExcel Books
300 _avii, : 312 : p. : cm. ; 24
999 _c10
_d10